|
|
|
|
| LEADER |
00000nab a2200000uu 4500 |
| 001 |
vtls011458517 |
| 003 |
SK-MaSNL |
| 005 |
20260304214146.0 |
| 008 |
230121|2013 xo |||||||||||||||||cze| |
| 015 |
|
|
|a SNBRB
|
| 035 |
|
|
|a (urnnbn)urn:nbn:sk:snk:ar-a0a4c0
|
| 035 |
|
|
|a (uuid)6ecbbbdf-c6fd-4d23-9326-7b2a56337bf1
|
| 035 |
|
|
|a urn:nbn:sk:snk-abcsv0
|
| 040 |
|
|
|a SNKBUCL
|b slo
|c SNKBUCL
|e AACR2
|
| 041 |
0 |
|
|a cze
|
| 044 |
|
|
|a xo
|c SK
|
| 100 |
1 |
|
|a Marek, Karel,
|d 1949-
|4 aut
|9 122324
|
| 245 |
1 |
0 |
|a K uzavírání smluv v Česku
|c Karel Marek
|
| 773 |
0 |
|
|t Justičná revue : časopis pre právnu prax
|g Roč. 65, č. 11 (2013), s. 1505-1517
|
| 954 |
|
|
|a odborná, vedecká literatúra cudzojazyčná (svetová)
|2 lita
|
| 958 |
|
|
|a OND
|
| 958 |
|
|
|a EUIPO
|
| 958 |
|
|
|a article16
|
| 999 |
|
|
|c 3139813
|d 3141743
|